[Event "Davos Summer op 21st"]
[Site "Davos"]
[Date "2022.08.07"]
[Round "5"]
[White "Habibi, Ali"]
[Black "Guba, Viktor"]
[Result "0-1"]
[WhiteElo "2188"]
[BlackElo "1718"]
[PlyCount "120"]
[EventDate "2022.08.05"]
[EventType "swiss"]
[EventRounds "5"]
[EventCountry "SUI"]
[SourceTitle "CBM 209 Extra"]
[Source "ChessBase"]
[SourceDate "2022.09.30"]
[SourceVersion "1"]
[SourceVersionDate "2022.09.30"]
[SourceQuality "1"]

1. Nf3 Nf6 2. g3 g6 3. Bg2 Bg7 4. 0-0 0-0 5. d3 d6 6. c3 e5 7. Nbd2 Nc6 8. Qc2 Bd7 9. h3 Kh8 10. Kh2 Nh5 11. Nc4 f5 12. a4 a5 13. Na3 f4 14. e3 Qe7 15. Nb5 Rac8 16. Bd2 fxg3+ 17. fxg3 d5 18. e4 dxe4 19. dxe4 Be6 20. b3 h6 21. Nh4 Kh7 22. Bf3 Nf6 23. Be3 Qf7 24. Rab1 Rcd8 25. Bc5 Rfe8 26. Bg2 Qd7 27. Rf2 b6 28. Be3 Re7 29. Rd2 Qc8 30. Rf1 Rxd2 31. Bxd2 Qd8 32. Be3 Qg8 33. Rb1 Rd7 34. Bf1 Qf7 35. Be2 Bf8 36. Nf3 Qg8 37. Nd2 h5 38. Rf1 Ne8 39. Nc4 Bh6 40. Bxh6 Kxh6 41. Qc1+ g5 42. h4 Rf7 43. Rxf7 Bxf7 44. Ne3 Be6 45. c4 Nd4 46. Bd1 Qg6 47. Nc3 Qf6 48. Ng2 Nd6 49. Qe3 Bg4 50. Nd5 Qd8 51. Bxg4 hxg4 52. Ne1 Kh5 53. Nxc7 gxh4 54. Nd5 hxg3+ 55. Kxg3 N6f5+ 56. exf5 Nxf5+ 57. Kf2 Nxe3 58. Kxe3 Qg5+ 59. Ke4 Qd2 60. Nd3 Qe2+ 0-1

[Event "AUT-ch U12"]
[Site "St Veit"]
[Date "2021.10.26"]
[Round "3.5"]
[White "Feiertag, Jonas"]
[Black "Guba, Viktor"]
[Result "1/2-1/2"]
[WhiteElo "1257"]
[BlackElo "1630"]
[PlyCount "105"]
[EventDate "2021.10.25"]
[EventType "swiss"]
[EventRounds "5"]
[EventCountry "AUT"]
[SourceTitle "EXT 2023"]
[Source "ChessBase"]
[SourceDate "2022.10.05"]
[SourceVersion "1"]
[SourceVersionDate "2022.10.05"]
[SourceQuality "1"]

1. e4 c5 2. Nf3 Nc6 3. d4 cxd4 4. Nxd4 e6 5. Nc3 Qc7 6. Be2 a6 7. Be3 Nf6 8. 0-0 Bb4 9. Na4 Be7 10. Nxc6 bxc6 11. f3 c5 12. c4 Rb8 13. Qd2 0-0 14. e5 Ne8 15. Bd3 Rb4 16. Nc3 Qxe5 17. Bf4 Qd4+ 18. Be3 Qf6 19. a3 Rb8 20. Rf2 g6 21. Ne4 Qg7 22. Nxc5 d6 23. Ne4 f5 24. Bh6 Qd4 25. Bxf8 Bxf8 26. Nc3 d5 27. cxd5 Bc5 28. b4 Qxf2+ 29. Qxf2 Bxf2+ 30. Kxf2 Nc7 31. Bc4 exd5 32. Nxd5 Be6 33. Nf6+ Kg7 34. Bxe6 Nxe6 35. Nd5 Rd8 36. Rd1 Kf7 37. Ke3 Rd7 38. g3 Rb7 39. Nc3 Rc7 40. Rd3 Re7 41. Kd2 f4 42. Ne4 g5 43. Rd6 Ra7 44. gxf4 gxf4 45. Nc5 Ng5 46. Rxa6 Re7 47. Ne4 Nxf3+ 48. Ke2 Ng5 49. Rf6+ Kg7 50. Rxf4 Nxe4 51. Kd3 Nd6 52. a4 Rb7 53. h4 1/2-1/2

[Event "Davos Summer op"]
[Site "Davos"]
[Date "2021.08.06"]
[Round "2"]
[White "Guba, Viktor"]
[Black "Joller, Hans"]
[Result "1/2-1/2"]
[WhiteElo "1593"]
[BlackElo "1736"]
[PlyCount "76"]
[EventDate "2021.08.05"]
[EventType "swiss"]
[EventRounds "5"]
[EventCountry "SUI"]
[SourceTitle "EXT 2022"]
[Source "ChessBase"]
[SourceDate "2021.10.06"]
[SourceVersion "1"]
[SourceVersionDate "2021.10.06"]
[SourceQuality "1"]

1. e4 e5 2. Nf3 d5 3. exd5 Bd6 4. Nc3 Nf6 5. d3 h6 6. Be2 0-0 7. 0-0 a6 8. Ne4 Nxd5 9. Nfd2 b5 10. Nxd6 cxd6 11. Bf3 Be6 12. c4 Nb6 13. Bxa8 Nxa8 14. b3 f5 15. Nf3 Nc6 16. Bb2 Nc7 17. Rc1 bxc4 18. dxc4 e4 19. Nd4 Bd7 20. Qd2 Ne5 21. Ne2 Nd3 22. Rcd1 Ne6 23. Qc3 Qg5 24. Rxd3 exd3 25. Qxd3 Bc6 26. g3 Qg4 27. f3 Nc5 28. Qxd6 Bxf3 29. Nd4 Nd3 30. Ba3 Re8 31. Nxf3 Re3 32. Qd5+ Kh7 33. Nh4 Ne5 34. Bc1 Re2 35. Bf4 Qh3 36. Ng2 Ng4 37. Qxf5+ Kh8 38. Qf8+ Kh7 1/2-1/2

[Event "Davos Summer op"]
[Site "Davos"]
[Date "2021.08.05"]
[Round "1"]
[White "Boschetti, Claudio"]
[Black "Guba, Viktor"]
[Result "1/2-1/2"]
[WhiteElo "2009"]
[BlackElo "1593"]
[PlyCount "106"]
[EventDate "2021.08.05"]
[EventType "swiss"]
[EventRounds "5"]
[EventCountry "SUI"]
[SourceTitle "EXT 2022"]
[Source "ChessBase"]
[SourceDate "2021.10.06"]
[SourceVersion "1"]
[SourceVersionDate "2021.10.06"]
[SourceQuality "1"]

1. d4 Nf6 2. Bf4 g6 3. Nc3 d5 4. Nf3 Bg7 5. h3 0-0 6. e3 a6 7. Bd3 Nc6 8. 0-0 Nh5 9. Bh2 f5 10. Ne2 Nb4 11. Ne5 Nxd3 12. cxd3 Be6 13. Qb3 Qc8 14. Rfc1 c6 15. Qa3 f4 16. exf4 Bxe5 17. dxe5 d4 18. Qxe7 Bxh3 19. gxh3 Qxh3 20. Bg3 Qg4 21. Rc2 Nxf4 22. Nxf4 Rxf4 23. Qxb7 Raf8 24. Qxc6 Rf3 25. Kg2 Kh8 26. e6 Rxd3 27. e7 Rxf2+ 28. Kxf2 Qxg3+ 29. Kf1 Rf3+ 30. Qxf3 Qxf3+ 31. Ke1 Qh1+ 32. Kd2 Qh2+ 33. Ke1 Qg1+ 34. Kd2 Qe3+ 35. Kd1 Qxe7 36. Rc8+ Kg7 37. Rac1 Qe3 38. R8c7+ Kh6 39. Kc2 d3+ 40. Kb1 d2 41. Rd1 Qd3+ 42. Rc2 Qe4 43. b3 g5 44. Rdxd2 Qe1+ 45. Kb2 Qe5+ 46. Kb1 g4 47. Re2 Qf5 48. Rg2 Qg6 49. a4 Kg5 50. Ka2 h5 51. Rc5+ Kh6 52. Rgc2 Qd3 53. Rh2 Qg6 1/2-1/2

[Event "AUT-ch U12 Online Rapid"]
[Site "Playchess.com INT"]
[Date "2020.12.13"]
[Round "4"]
[White "Haselsberger, Armin"]
[Black "Guba, Viktor"]
[Result "0-1"]
[WhiteElo "1824"]
[BlackElo "1727"]
[PlyCount "112"]
[EventDate "2020.12.13"]
[EventType "swiss (rapid)"]
[EventRounds "7"]
[EventCountry "AUT"]
[SourceTitle "EXT 2022"]
[Source "ChessBase"]
[SourceDate "2021.10.06"]
[SourceVersion "1"]
[SourceVersionDate "2021.10.06"]
[SourceQuality "1"]

1. d4 Nf6 2. Bf4 g6 3. e3 Bg7 4. c4 0-0 5. Nc3 d6 6. h3 Nc6 7. Nf3 Nd7 8. Be2 Qe8 9. Nd5 Qd8 10. a3 e5 11. Bg3 f6 12. b4 Ne7 13. Nc3 c5 14. dxc5 dxc5 15. b5 f5 16. 0-0 e4 17. Ng5 Qb6 18. Nd5 Nxd5 19. Qxd5+ Kh8 20. Rab1 Qf6 21. h4 h6 22. Nh3 Qf7 23. Qxf7 Rxf7 24. Nf4 Kh7 25. Nd5 Ne5 26. a4 Be6 27. Bh2 Rd8 28. Rfd1 Rfd7 29. Nf4 Rxd1+ 30. Rxd1 Rxd1+ 31. Bxd1 Bxc4 32. Bc2 Nd3 33. Nxd3 exd3 34. Bd1 Bc3 35. Bd6 Bb4 36. f3 d2 37. Kf2 g5 38. hxg5 hxg5 39. g3 Kg6 40. f4 g4 41. Bb8 a6 42. bxa6 bxa6 43. Bd6 Bd3 44. Bf8 a5 45. Be7 c4 46. Bxb4 axb4 47. a5 c3 48. a6 Bxa6 49. Bc2 Bc4 50. e4 b3 51. exf5+ Kf6 52. Kg1 bxc2 53. Kg2 d1Q 54. Kh2 c1Q 55. Kg2 Qf3+ 56. Kh2 Qch1# 0-1

[Event "AUT-ch U12 Online Rapid"]
[Site "Playchess.com INT"]
[Date "2020.12.13"]
[Round "7"]
[White "Pavlov, Alexander1111"]
[Black "Guba, Viktor"]
[Result "0-1"]
[WhiteElo "1448"]
[BlackElo "1733"]
[PlyCount "48"]
[EventDate "2020.12.13"]
[EventType "swiss (rapid)"]
[EventRounds "7"]
[EventCountry "AUT"]
[SourceTitle "EXT 2022"]
[Source "ChessBase"]
[SourceDate "2021.10.06"]
[SourceVersion "1"]
[SourceVersionDate "2021.10.06"]
[SourceQuality "1"]

1. d4 Nf6 2. Nc3 g6 3. Bf4 Bg7 4. e4 0-0 5. Bc4 e6 6. Nf3 d5 7. exd5 exd5 8. Bb3 Re8+ 9. Ne5 c6 10. 0-0 Nbd7 11. Nxd7 Bxd7 12. Re1 Nh5 13. Bd2 Qc7 14. Be3 Re7 15. Qf3 Rae8 16. Kf1 Qxh2 17. g3 Nf6 18. g4 Bxg4 19. Qg3 Bh3+ 20. Ke2 Qxg3 21. fxg3 Rxe3+ 22. Kf2 Ng4+ 23. Kg1 Rxe1+ 24. Rxe1 Rxe1# 0-1

[Event "AUT-chT District U18 Online Rapid"]
[Site "Playchess.com INT"]
[Date "2020.12.12"]
[Round "8"]
[White "Rabitsch, David"]
[Black "Guba, Viktor"]
[Result "0-1"]
[WhiteElo "1493"]
[BlackElo "1678"]
[PlyCount "132"]
[EventDate "2020.12.12"]
[EventType "team-swiss (rapid)"]
[EventRounds "9"]
[EventCountry "AUT"]
[SourceTitle "EXT 2022"]
[Source "ChessBase"]
[SourceDate "2021.10.06"]
[SourceVersion "1"]
[SourceVersionDate "2021.10.06"]
[SourceQuality "1"]

1. e4 c5 2. Nf3 Nc6 3. d4 cxd4 4. Nxd4 e6 5. Nc3 Qc7 6. Be3 a6 7. Qd2 Nf6 8. 0-0-0 Bb4 9. f3 Ne5 10. g4 0-0 11. h4 Bxc3 12. Qxc3 Qxc3 13. bxc3 d5 14. g5 Nh5 15. Be2 Ng3 16. Rh2 Nxe2+ 17. Rxe2 Nc4 18. exd5 exd5 19. Nb3 Re8 20. Rd3 Bf5 21. Rxd5 Nxe3 22. Rxe3 Rxe3 23. Rxf5 g6 24. Rc5 Rxf3 25. Rc7 Rb8 26. Na5 b5 27. c4 bxc4 28. Rxc4 Rb5 29. Nb3 Rd5 30. Ra4 Rd6 31. Re4 Kg7 32. Re2 h6 33. gxh6+ Kxh6 34. Nd2 Rf4 35. Ne4 Re6 36. Nc3 Rxe2 37. Nxe2 Rxh4 38. Kd2 f5 39. Kd3 f4 40. c4 f3 41. Ng3 Rh3 42. Nf1 f2+ 43. Kd2 Rh4 44. c5 Rc4 45. Ke2 Rxc5 46. Kxf2 g5 47. Kg2 Rc2+ 48. Kg3 Rxa2 49. Ne3 Ra3 50. Kf2 Rxe3 51. Kxe3 a5 52. Kd4 a4 53. Kc4 g4 54. Kb4 g3 55. Kxa4 g2 56. Kb3 g1Q 57. Kc3 Qf2 58. Kd3 Kg5 59. Kc3 Qe2 60. Kd4 Qf3 61. Ke5 Qf4+ 62. Ke6 Qd4 63. Kf7 Qf6+ 64. Kg8 Qe7 65. Kh8 Kg6 66. Kg8 Qg7# 0-1

[Event "Flims op 9th"]
[Site "Flims"]
[Date "2020.10.10"]
[Round "3"]
[White "Guba, Viktor"]
[Black "Scherler, Julius"]
[Result "1-0"]
[WhiteElo "1539"]
[BlackElo "1769"]
[PlyCount "107"]
[EventDate "2020.10.09"]
[EventType "swiss"]
[EventRounds "5"]
[EventCountry "SUI"]
[SourceTitle "CBM 198 Extra"]
[Source "ChessBase"]
[SourceDate "2020.11.30"]
[SourceVersion "1"]
[SourceVersionDate "2020.11.30"]
[SourceQuality "1"]

1. e4 c6 2. d4 d5 3. exd5 cxd5 4. c4 Nf6 5. Nc3 Nc6 6. Nf3 Be6 7. Ne5 dxc4 8. Qa4 Bd7 9. Qxc4 e6 10. Be2 Bd6 11. Bf4 Rc8 12. Qd3 Qc7 13. Nb5 Qa5+ 14. Bd2 Bb4 15. Nd6+ Ke7 16. Nxc8+ Rxc8 17. Nxc6+ Bxc6 18. f3 Nd5 19. a3 Nf4 20. Bxb4+ Qxb4+ 21. axb4 Nxd3+ 22. Bxd3 a6 23. 0-0 Rd8 24. Be4 Bb5 25. Rfd1 f5 26. Bxb7 Rb8 27. Bxa6 Bxa6 28. Rxa6 Rxb4 29. Re1 f4 30. Raxe6+ Kf7 31. d5 Rd4 32. d6 h5 33. Re7+ Kf6 34. d7 h4 35. b4 g5 36. b5 g4 37. fxg4 h3 38. R7e4 Rd2 39. Rxf4+ Kg5 40. Rf2 Rxd7 41. gxh3 Rb7 42. Rf5+ Kg6 43. Re6+ Kh7 44. b6 Rd7 45. Rfe5 Rd2 46. Re2 Rd3 47. Rb2 Rd8 48. b7 Rf8 49. b8Q Rf7 50. Re8 Kg7 51. Qe5+ Kh7 52. Rh8+ Kg6 53. Rb6+ Rf6 54. Qxf6# 1-0

[Event "AUT-ch Vor2 Internet"]
[Site "Playchess.com INT"]
[Date "2020.04.13"]
[Round "8"]
[White "Huber, Guenter"]
[Black "Guba, Viktor"]
[Result "0-1"]
[WhiteElo "1979"]
[BlackElo "1401"]
[PlyCount "118"]
[EventDate "2020.04.13"]
[EventType "swiss (blitz)"]
[EventRounds "9"]
[EventCountry "AUT"]
[SourceTitle "CBM 195 Extra"]
[Source "ChessBase"]
[SourceDate "2020.05.31"]
[SourceVersion "1"]
[SourceVersionDate "2020.05.31"]
[SourceQuality "1"]

1. c4 Nf6 2. g3 g6 3. Bg2 Bg7 4. e4 0-0 5. Nc3 d6 6. Nge2 e5 7. 0-0 Nc6 8. d3 Ne8 9. f4 f6 10. Nd5 Ne7 11. fxe5 Nxd5 12. cxd5 fxe5 13. Be3 Nf6 14. h3 Bd7 15. Qd2 Qc8 16. Kh2 c6 17. Rac1 c5 18. d4 exd4 19. Nxd4 Qd8 20. Ne2 Re8 21. Nc3 Nh5 22. Bg5 Bf6 23. Bxf6 Nxf6 24. Rce1 Re5 25. Qf4 Kg7 26. Rf2 Qf8 27. Ref1 Re7 28. Qxd6 Rf7 29. e5 Qxd6 30. exd6 Raf8 31. Kg1 Ne8 32. Rxf7+ Rxf7 33. Rxf7+ Kxf7 34. Ne4 b6 35. Ng5+ Kg7 36. Ne6+ Bxe6 37. dxe6 Nxd6 38. Bd5 Kf6 39. Kf2 Ke5 40. Bb3 c4 41. e7 cxb3 42. axb3 Ke6 43. Ke3 Kxe7 44. Kf4 Kf6 45. g4 g5+ 46. Ke3 Ke5 47. Kf3 Ne4 48. Ke3 Nc5 49. b4 Na4 50. b3 Nc3 51. Kd3 Ne4 52. Kc4 Nf2 53. Kb5 Nxh3 54. Ka6 Kd6 55. Kxa7 Kc6 56. Ka6 b5 57. Ka5 Nf2 58. Ka6 Nxg4 59. Ka5 h5 0-1

[Event "AUT-ch Vor1 Internet"]
[Site "Playchess.com INT"]
[Date "2020.04.11"]
[Round "4"]
[White "Huliak, Peter"]
[Black "Guba, Viktor"]
[Result "0-1"]
[WhiteElo "1958"]
[BlackElo "1401"]
[PlyCount "84"]
[EventDate "2020.04.11"]
[EventType "swiss (blitz)"]
[EventRounds "9"]
[EventCountry "AUT"]
[SourceTitle "CBM 195 Extra"]
[Source "ChessBase"]
[SourceDate "2020.05.31"]
[SourceVersion "1"]
[SourceVersionDate "2020.05.31"]
[SourceQuality "1"]

1. e4 c5 2. Nc3 Nc6 3. Bc4 e6 4. d3 Nge7 5. Nf3 g6 6. Bg5 Bg7 7. Qd2 0-0 8. Bh6 d5 9. Bb3 dxe4 10. Nxe4 f5 11. Nc3 Nd4 12. Nxd4 cxd4 13. Ne2 Nc6 14. 0-0 Bxh6 15. Qxh6 Qf6 16. Rfe1 g5 17. Qxf6 Rxf6 18. Ng3 Bd7 19. Re2 Re8 20. Rae1 Kg7 21. Nf1 e5 22. Nd2 g4 23. Nc4 Rfe6 24. g3 b5 25. Nd2 R6e7 26. Kg2 a5 27. c4 Nb4 28. cxb5 Nxd3 29. Rd1 Nxb2 30. Rb1 Nd3 31. Bd5 Nb4 32. Bc6 Nxc6 33. bxc6 Bxc6+ 34. Kg1 e4 35. Nc4 d3 36. Reb2 Bd5 37. Ne3 Be6 38. Rb5 Rd7 39. Rxa5 Rc8 40. Kf1 d2 41. Ke2 Rc1 42. Rb6 Re1# 0-1

[Event "AUT-ch U10"]
[Site "St Kanzian"]
[Date "2019.06.22"]
[Round "5"]
[White "Balint, Peter1111"]
[Black "Guba, Viktor"]
[Result "1-0"]
[WhiteElo "1380"]
[BlackElo "1341"]
[PlyCount "77"]
[EventDate "2019.06.21"]
[EventType "swiss"]
[EventRounds "7"]
[EventCountry "AUT"]
[SourceTitle "CBM 191 Extra"]
[Source "ChessBase"]
[SourceDate "2019.09.30"]
[SourceVersion "1"]
[SourceVersionDate "2019.09.30"]
[SourceQuality "1"]

1. e4 e5 2. Nf3 Nc6 3. Bc4 Bc5 4. 0-0 Nf6 5. d3 h6 6. c3 d6 7. a4 a6 8. Re1 0-0 9. Nbd2 Ba7 10. h3 Be6 11. Bxe6 fxe6 12. Nf1 Nh5 13. d4 exd4 14. cxd4 Nf4 15. Be3 d5 16. e5 Ne7 17. N1h2 Nfg6 18. Ng4 Nf5 19. Qd2 Nxe3 20. Qxe3 Nf4 21. Nf6+ gxf6 22. Qxf4 Kh7 23. Rac1 f5 24. Rc3 Rg8 25. Nh4 Bb6 26. Rec1 Rc8 27. b4 Qg5 28. Qxg5 hxg5 29. Nf3 a5 30. b5 Rg7 31. g4 f4 32. Kg2 Kg6 33. h4 gxh4 34. Nxh4+ Kg5 35. Nf3+ Kxg4 36. Rh1 Kf5+ 37. Kf1 Ke4 38. Rh5 Bxd4 39. Nd2# 1-0

[Event "AUT-ch U10"]
[Site "St Kanzian"]
[Date "2019.06.22"]
[Round "6"]
[White "Guba, Viktor"]
[Black "Kienboeck, Samuel"]
[Result "1-0"]
[WhiteElo "1341"]
[BlackElo "1056"]
[PlyCount "79"]
[EventDate "2019.06.21"]
[EventType "swiss"]
[EventRounds "7"]
[EventCountry "AUT"]
[SourceTitle "CBM 191 Extra"]
[Source "ChessBase"]
[SourceDate "2019.09.30"]
[SourceVersion "1"]
[SourceVersionDate "2019.09.30"]
[SourceQuality "1"]

1. e4 e5 2. Nf3 Nc6 3. Bc4 Nf6 4. d3 Be7 5. c3 0-0 6. h3 d6 7. 0-0 Na5 8. Bb5 a6 9. Ba4 b5 10. Bc2 c5 11. Nbd2 Nc6 12. Re1 Be6 13. Nf1 h6 14. Ng3 a5 15. Be3 b4 16. d4 bxc3 17. bxc3 cxd4 18. cxd4 Nb4 19. dxe5 dxe5 20. Nxe5 Nxa2 21. Qxd8 Rfxd8 22. Nc6 Rd7 23. e5 Nd5 24. Bf5 Nab4 25. Bxe6 fxe6 26. Rxa5 Rxa5 27. Nxa5 Nd3 28. Rd1 Nxe3 29. fxe3 Nxe5 30. Rxd7 Nxd7 31. Nc6 Kf7 32. Ne2 Bc5 33. Kf2 Kf6 34. Nc3 Kf5 35. g4+ Kg5 36. Ne4+ Kh4 37. Nxc5 Nxc5 38. Kg2 Ne4 39. Ne5 h5 40. Nf3# 1-0

[Event "AUT-ch U10"]
[Site "St Kanzian"]
[Date "2019.06.21"]
[Round "3"]
[White "Haselsberger, Armin"]
[Black "Guba, Viktor"]
[Result "0-1"]
[WhiteElo "1130"]
[BlackElo "1341"]
[PlyCount "48"]
[EventDate "2019.06.21"]
[EventType "swiss"]
[EventRounds "7"]
[EventCountry "AUT"]
[SourceTitle "CBM 191 Extra"]
[Source "ChessBase"]
[SourceDate "2019.09.30"]
[SourceVersion "1"]
[SourceVersionDate "2019.09.30"]
[SourceQuality "1"]

1. d4 g6 2. Bf4 Bg7 3. Nf3 d6 4. e3 Nd7 5. Bc4 e5 6. Bg3 Qe7 7. 0-0 Ngf6 8. c3 0-0 9. Nbd2 b6 10. Qc2 Bb7 11. Rfe1 Rfe8 12. Rad1 Rac8 13. a3 e4 14. Ng5 d5 15. Bb3 h6 16. Nh3 Nh5 17. Nf4 Nxg3 18. hxg3 c6 19. Qb1 Nf6 20. c4 g5 21. Ne2 Ng4 22. Nc3 Qf6 23. Rf1 Qg6 24. cxd5 Qh5 0-1

[Event "AUT-ch U12"]
[Site "St Veit"]
[Date "2019.06.11"]
[Round "7.10"]
[White "Guba, Viktor"]
[Black "Pilshofer, Paul"]
[Result "1-0"]
[WhiteElo "1221"]
[BlackElo "1184"]
[PlyCount "49"]
[EventDate "2019.06.08"]
[EventType "swiss"]
[EventRounds "7"]
[EventCountry "AUT"]
[SourceTitle "EXT 2024"]
[Source "ChessBase"]
[SourceDate "2023.10.10"]
[SourceVersion "1"]
[SourceVersionDate "2023.10.10"]
[SourceQuality "1"]

1. e4 e5 2. Nf3 Nc6 3. Bc4 Bc5 4. c3 Nf6 5. d3 h6 6. Bb3 d6 7. h3 0-0 8. Nbd2 a6 9. Nf1 Ne7 10. g4 Bxg4 11. hxg4 Nxg4 12. Ne3 Nxe3 13. Bxe3 Bxe3 14. fxe3 Ng6 15. Qe2 Qf6 16. 0-0-0 Rfb8 17. Rdf1 Rf8 18. Nh4 Qg5 19. Rfg1 Nf4 20. exf4 Qxf4+ 21. Qd2 Qxd2+ 22. Kxd2 Rfd8 23. Nf5 Rd7 24. Rxg7+ Kf8 25. Rxh6 1-0